000 00334nam a2200145Ia 4500
008 191201s2010 xx 000 0 und d
082 _a658.87
_bPAM
100 _aPATI, Debashis
245 0 _aMarketing Research
250 _aRep
260 _aHyderabad
_bUniversity Press
_c2010
300 _a682
650 _aMBA
942 _2ddc
_cBK
999 _c4683
_d4683